| 000 | 00408nam a2200181Ia 4500 | ||
|---|---|---|---|
| 003 | STCL | ||
| 008 | 221019s9999 xx 000 0 und d | ||
| 020 | _a9788131733097 | ||
| 040 |
_aSTCL _cSTCL _bEN |
||
| 082 | _222 | ||
| 100 | _aGoel, Anita | ||
| 245 | 0 | _aComputer fundamentals | |
| 260 |
_bPearson _aNew Delhi _c2015 |
||
| 300 | _a550 p | ||
| 365 | _b331.5 | ||
| 546 | _aEnglish | ||
| 942 |
_cBK _2DDC _e22 |
||
| 999 |
_c87394 _d87394 |
||